| 000 | 00000nam##2200000za#4500 |
| 001 | 9.644587 |
| 003 | CaOODSP |
| 005 | 20230202144024 |
| 007 | ta |
| 008 | 150407|1990||||xxc||||| f|0| 0 eng|d |
| 020 | |a0-662-19909-X |
| 040 | |aCaOODSP|beng |
| 043 | |an-cn--- |
| 086 | 1 |aH72-21/77-1992E |
| 110 | 2 |aNational Clearinghouse on Family Violence (Canada). |
| 245 | 10|aCounselling for change: evolutionary trends in counselling services for women who are abused and for their children in Canada / |cby Linda MacLeod. |
| 260 | |aOttawa - Ontario : |bHealth and Welfare Canada. |c1990. |
| 300 | |a31p. : |breferences ; |c28 cm. |
| 500 | |aContents: Introduction.--Trends in counselling.--Reaching out.--Integrated approaches to counselling.--Emerging issues.--Conclusion: Dynamics of change.--Appendix I: Resource people interviewed.--Appendix II: Interview guide. |
| 563 | |aSoftcover |
| 590 | |a93-04|b1993-01-29 |
| 690 | 07|aSocial services|2gcpds |
| 690 | 07|aSocial programs|2gcpds |
| 690 | 07|aFamily violence|2gcpds |
| 720 | 1 |aMacLeod, Linda |
| 775 | 08|tLe counseling, un outil de changement: tendances évolutives des services de counseling offerts aux femmes battues et à leurs enfants au Canada / |w(CaOODSP)9.678417 |
| 776 | 0#|tCounselling for change : |w(CaOODSP)9.695729 |